Mi niñez y su mundo (Record no. 39696)

MARC details
000 -LEADER
campo de control de longitud fija 00628nam a2200181 i 4500
001 - NÚMERO DE CONTROL
campo de control 39696
003 - IDENTIFICADOR DE NÚMERO DE CONTROL
campo de control ES-MaACL
005 - FECHA Y HORA DE LA ÚLTIMA TRANSACCIÓN
campo de control 20231218195621.0
007 - CAMPO FIJO DE DESCRIPCIÓN FÍSICA--INFORMACIÓN GENERAL
campo de control de longitud fija t|
008 - DATOS DE LONGITUD FIJA--INFORMACIÓN GENERAL
campo de control de longitud fija 030304s1956 sp ||||1| spa d
100 1# - ENTRADA PRINCIPAL--NOMBRE DE PERSONA
Nombre de persona Campo Alange, María Laffitte,
Títulos y otros términos asociados al nombre Condesa de,
Fechas asociadas al nombre 1902-1986
9 (RLIN) 34205
245 10 - MENCIÓN DEL TÍTULO
Título Mi niñez y su mundo
Resto del título : (1907-1917) /
Mención de responsabilidad, etc. Condesa de Campo Alange.
260 ## - PUBLICACIÓN, DISTRIBUCIÓN, ETC.
Lugar de publicación, distribución, etc. Madrid :
Nombre del editor, distribuidor, etc. Revista de Occidente,
Fecha de publicación, distribución, etc. [1956] (
Fabricante Vda. de Galo Sáez)
300 ## - DESCRIPCIÓN FÍSICA
Extensión 340 p., 9 lám. ;
Dimensiones 20 cm.
600 14 - PUNTO DE ACCESO ADICIONAL DE MATERIA--NOMBRE DE PERSONA
Nombre de persona Campo Alange, María Laffitte,
Títulos y otros términos asociados al nombre Condesa de,
Fechas asociadas al nombre 1902-1986
9 (RLIN) 34205
852 ## - LOCALIZACIÓN
Ubicación ES-MaACL
Número de control de estantería C-10561
Holdings
Estatus retirado Estado de pérdida Estado de daño No para préstamo Biblioteca de origen Biblioteca actual Ubicación en estantería Fecha de adquisición Fuente de adquisición Total de préstamos Signatura topográfica completa Código de barras Fecha de vencimiento Visto por última vez Fecha del último préstamo Precio de reemplazo Tipo de ítem Koha
        Biblioteca del Ateneo de Madrid Biblioteca del Ateneo de Madrid Sala Palomar 17/01/2008   1 C-10561 1041805 01/08/2026 02/02/2026 02/02/2026 23/02/2023 Libro impreso